| 000 | 00761cam a2200253 a 4500 | ||
|---|---|---|---|
| 008 | |||
| 020 | _a0028025784 (pbk. ) | ||
| 049 | _aMAIN | ||
| 090 | 0 | _aT385 CAM. | |
| 100 | 1 | _aCampbell, Mary V. | |
| 245 | 1 | 0 |
_aMastering Harvard graphics 2.3 / _cMary V. Campbell and David R. Campbell. |
| 250 | _aGlencoe educational version | ||
| 260 |
_aNew York : _bGlencoe, _c1993. |
||
| 300 |
_axiv, 575 p. : _bill. ; _c28 cm. |
||
| 500 | _aIncludes index. | ||
| 650 | 0 | _aPresentation graphics software. | |
| 630 | 0 | 0 | _aHarvard graphics (Computer file) |
| 700 | 1 | _aCampbell, David R. | |
| 907 |
_a.b10228378 _b20-02-07 _c31-01-07 |
||
| 003 | |||
| 005 | 20230123134351.0 | ||
| 040 | _cNUST | ||
| 942 |
_cBOOKS _kT385 CAM. |
||
| 999 |
_c164685 _d164685 |
||